UAE Team Emirates - XRG Riders 2026 - Statistics

General Stats
  • This quiz has been taken 8 times
  • The average score is 18 of 30
Answer Stats
Hint Answer % Correct
GBR Adam Yates
100%
BEL Florian Vermeersch
100%
MEX Isaac del Toro
100%
POR João Almeida
100%
SLO Tadej Pogačar
100%
BEL Tim Wellens
100%
FRA Benoît Cosnefroy
80%
USA Brandon McNulty
80%
AUS Jay Vine
80%
ECU Jhonatan Narváez
80%
COL Juan Sebastián Molano
80%
ESP Marc Soler
80%
GER Nils Politt
80%
AUT Felix Großschartner
60%
POR Ivo Oliveira
60%
SUI Jan Christen
60%
DEN Mikkel Bjerg
60%
FRA Pavel Sivakov
60%
POR Rui Oliveira
60%
POR António Morgado
40%
SLO Domen Novak
40%
ITA Filippo Baroncini
40%
ESP Igor Arrieta
40%
USA Kevin Vermaerke
40%
ESP Pablo Torres
40%
ESP Adrià Pericas
20%
DEN Julius Johansen
20%
NOR Vegard Stake Laengen
20%
ITA Luca Giaimi
0%
BEL Rune Herregodts
0%
No matching quizzes found
Score Distribution
Percent of People with Each Score
Percentile by Number Answered
Your Score History
You have not taken this quiz